Robert célèbres - Statistiques

Statistiques générales
  • Ce quiz a été pris 511 fois
  • Le résultat moyen est 7 sur 15
Statistiques - réponses
Description Réponse % Correct
Ministre français donnant son nom à la loi de 1981 concernant l'abolition de la peine de mort. Badinter
80%
Acteur connu pour ses rôles dans Harry Potter, la franchise Twilight ou encore The Batman. Pattinson
80%
Acteur italo-américain ayant notamment joué dans Le Parrain 2, Taxi Driver, Raging Bull ou encore Les Affranchis. De Niro
78%
Acteur interprétant Iron Man dans l'Univers cinématographique Marvel. Downey Jr.
72%
Footballeur polonais remportant le titre de meilleur footballeur de l'année FIFA en 2020. Lewandowski
59%
Réalisateur de la trilogie Retour vers le futur, Forrest Gump ou encore Qui veut la peau de Roger Rabbit. Zemeckis
58%
Acteur dans Butch Cassidy et le Kid, Out of Africa ou encore Gatsby le magnifique (1974) mais aussi réalisateur de Des gens comme les autres. Redford
55%
Deux quasi-homonymes, l'un étant un compositeur romantique allemand, l'autre étant un homme politique français surnommé "le Père de l'Europe". Schumann/Schuman
47%
Photographe humaniste français auteur de l'œuvre Le Baiser de l'hôtel de ville. Doisneau
46%
Écrivain écossais des œuvres L'Île au trésor et L'Étrange cas du docteur Jekyll et de M. Hyde. Louis Stevenson
46%
Médecin allemand ayant découvert la bactérie responsable de la tuberculose, bacille portant dorénavant son nom. Ces recherches lui permettent d'obtenir le prix Nobel de physiologie ou médecine en 1905. Koch
32%
Corsaire français le plus célèbre. Surcouf
28%
Poète surréaliste et résistant français décédé suite à son séjour en camp de concentration en 1945. Desnos
19%
Peintre français utilisant la Tour Eiffel dans ses œuvres et principal artisan du mouvement orphiste (branche du cubisme). Delaunay
10%
Auteur ayant créé le personnage de Conan le Barbare. E. Howard
5%
Aucun quiz correspondant
Distribution des résultats
% des personnes avec chaque résultat
Percentile par nombre de réponses
Votre historique - résultats
Vous n’avez pas pris ce quiz